[Event "2. ODEM U25 2005"]
[Site "Willingen GER"]
[Date "2005.05.18"]
[Round "6"]
[White "Müer, Sebastian"]
[Black "Kesten, Sebastian"]
[Result "0-1"]
[Termination "normal"]
[Board "14"]
[WhiteElo "1793"]
[BlackElo "1978"]
[PlyCount "108"]
[BlackFideId "24616214"]
[EventCountry "GER"]
[EventRounds "9"]
[EventType "swiss"]
[EventDate "2005.05.15"]

1. e4 c5 2. Nf3 a6 3. c4 e6 4. d4 cxd4 5. Nxd4 b6 6. Bd3 Bb7 7. O-O d6 8. Nc3
Nf6 9. Be3 Nbd7 10. f3 Rc8 11. Rc1 Be7 12. Qe2 Ne5 13. Rfd1 Qc7 14. b3 Nxd3 15.
Qxd3 O-O 16. Nde2 Rfd8 17. Nf4 Bf8 18. Qd2 Nd7 19. Qf2 Ba8 20. Na4 Nc5 21. Nxc5
dxc5 22. Rd3 Rxd3 23. Nxd3 Bd6 24. g3 Qc6 25. Qe2 f5 26. Nf2 Rf8 27. Rd1 Bc7
28. Bc1 Qe8 29. Bb2 Bc6 30. exf5 exf5 31. Re1 Qxe2 32. Rxe2 Kf7 33. f4 Rd8 34.
Bc3 h6 35. Kf1 g5 36. fxg5 hxg5 37. Nh3 Rg8 38. Bd2 Bd8 39. Re5 Bd7 40. Ng1 Be6
41. Nf3 Bf6 42. Re2 Bc8 43. h4 gxh4 44. gxh4 Rh8 45. Bg5 Bxg5 46. hxg5 Bb7 47.
Ne5+ Kg7 48. Nd7 Be4 49. Nxb6 Bd3 50. Ke1 Bxe2 51. Kxe2 Kg6 52. Nd7 Rc8 53. Kf3
Kxg5 54. a3 Rc7 0-1

[Event "2. ODEM U25 2005"]
[Site "Willingen GER"]
[Date "2005.05.18"]
[Round "6"]
[White "Willems, Sebastian"]
[Black "Beckmann, Emanuel"]
[Result "0-1"]
[Termination "normal"]
[Board "15"]
[WhiteElo "1786"]
[BlackElo "1964"]
[PlyCount "76"]
[BlackFideId "24608025"]
[EventCountry "GER"]
[EventRounds "9"]
[EventType "swiss"]
[EventDate "2005.05.15"]

1. c4 Nf6 2. Nc3 g6 3. b3 Bg7 4. Bb2 O-O 5. e3 e5 6. Nf3 Re8 7. d3 d5 8. cxd5
Nxd5 9. Qd2 Bg4 10. Be2 Na6 11. h3 Be6 12. g4 Nc5 13. Rg1 Nb4 14. d4 exd4 15.
exd4 Bxd4 16. Kf1 Bg7 17. Qe3 Bxg4 18. Qxc5 Bxh3+ 19. Rg2 Nd3 20. Bxd3 Qxd3+
21. Kg1 Qxf3 22. Rg3 Qf5 23. Qc4 Be5 24. Qh4 Bxg3 25. Qxg3 Qg4 26. Nd5 Qxg3+
27. fxg3 Re2 28. Nf6+ Kf8 29. Nxh7+ Ke8 30. Nf6+ Ke7 31. Bc3 Rd8 32. Nh7 Rd3
33. Bf6+ Kd6 34. Bh4 Rdd2 35. Ng5 Rg2+ 36. Kh1 Rh2+ 37. Kg1 Rdg2+ 38. Kf1 Rxa2+
0-1

[Event "2. ODEM U25 2005"]
[Site "Willingen GER"]
[Date "2005.05.18"]
[Round "6"]
[White "Eidner, Falk"]
[Black "Sieker, Roland"]
[Result "1/2-1/2"]
[Termination "normal"]
[Board "16"]
[WhiteElo "1729"]
[BlackElo "1895"]
[PlyCount "44"]
[WhiteFideId "24634557"]
[BlackFideId "24600261"]
[EventCountry "GER"]
[EventRounds "9"]
[EventType "swiss"]
[EventDate "2005.05.15"]

1. e4 e5 2. f4 Qf6 3. d3 Nc6 4. Nf3 Bc5 5. Nc3 d6 6. f5 Qd8 7. Be2 Nge7 8. Bg5
f6 9. Bd2 d5 10. h4 Nd4 11. g4 b6 12. g5 dxe4 13. dxe4 Bxf5 14. gxf6 gxf6 15.
exf5 Nexf5 16. Ne4 Qe7 17. Nxd4 exd4 18. Bb5+ Kf8 19. Qe2 a6 20. Bc6 Rd8 21. b4
Bxb4 22. Rf1 Bxd2+ 1/2-1/2

[Event "2. ODEM U25 2005"]
[Site "Willingen GER"]
[Date "2005.05.18"]
[Round "6"]
[White "Leisner, Hannes"]
[Black "Neldner, Uta"]
[Result "1-0"]
[Termination "normal"]
[Board "17"]
[WhiteElo "2022"]
[BlackElo "1830"]
[PlyCount "81"]
[WhiteFideId "4692705"]
[BlackFideId "24604070"]
[EventCountry "GER"]
[EventRounds "9"]
[EventType "swiss"]
[EventDate "2005.05.15"]

1. e4 g6 2. d4 d6 3. Nc3 c6 4. f4 d5 5. e5 h5 6. Nf3 Bg4 7. Be2 Bxf3 8. Bxf3
Nh6 9. Be3 e6 10. Qd2 Nd7 11. Ne2 Be7 12. Bf2 Rc8 13. Rd1 b5 14. b3 Nb6 15. O-O
Nf5 16. a4 bxa4 17. bxa4 Nc4 18. Qc1 Rb8 19. Rd3 Qa5 20. Qa1 O-O 21. g4 hxg4
22. Bxg4 Nh6 23. Bh3 Kg7 24. Kh1 Rb2 25. Rc3 Rb4 26. Rg1 Rxa4 27. Qf1 Nd2 28.
Qg2 Ne4 29. Be1 Qa6 30. Bxe6 c5 31. f5 Bg5 32. Bxd5 Nxc3 33. Nxc3 Be3 34. f6+
Kh7 35. Nxa4 Qxa4 36. Bxf7 g5 37. Qe4+ Kh8 38. Qxe3 Nxf7 39. e6 Qc6+ 40. Rg2
Nd6 41. Qxg5 1-0

[Event "2. ODEM U25 2005"]
[Site "Willingen GER"]
[Date "2005.05.18"]
[Round "6"]
[White "Siebarth, Marco"]
[Black "Simon, Eric"]
[Result "1-0"]
[Termination "normal"]
[Board "18"]
[WhiteElo "2011"]
[BlackElo "1896"]
[PlyCount "101"]
[WhiteFideId "24604330"]
[EventCountry "GER"]
[EventRounds "9"]
[EventType "swiss"]
[EventDate "2005.05.15"]

1. Nc3 e5 2. Nf3 d6 3. d4 Nd7 4. e4 c6 5. Be3 Ngf6 6. h3 Be7 7. a4 O-O 8. Be2
Qc7 9. Qd2 Re8 10. g4 exd4 11. Nxd4 Nc5 12. f3 a5 13. O-O-O Bf8 14. h4 Rd8 15.
h5 Nfd7 16. g5 Nb6 17. b3 d5 18. Bf4 Bd6 19. Bxd6 Qxd6 20. exd5 Nxd5 21. Nxd5
cxd5 22. Bd3 Be6 23. Kb1 Qb6 24. Bb5 Bd7 25. Rde1 Ne6 26. Nxe6 fxe6 27. Bxd7
Rxd7 28. Re5 d4 29. Rhe1 Rd6 30. f4 d3 31. Ka2 dxc2 32. Qxc2 Rc6 33. Qb2 Rac8
34. R1e2 R8c7 35. f5 Re7 36. f6 Rf7 37. fxg7 Rxg7 38. Qd2 Rd6 39. Qxa5 Qd4 40.
Rxe6 Rxe6 41. Rxe6 Qf2+ 42. Kb1 Qf1+ 43. Re1 Qd3+ 44. Ka2 Rd7 45. Qa8+ Kg7 46.
h6+ Kg6 47. Qe8+ Kxg5 48. Qe5+ Kg6 49. Rg1+ Kf7 50. Rg7+ Kf8 51. Qf6+ 1-0

[Event "2. ODEM U25 2005"]
[Site "Willingen GER"]
[Date "2005.05.18"]
[Round "6"]
[White "Schwenke, Vincent"]
[Black "Albers, Damian"]
[Result "1-0"]
[Termination "normal"]
[Board "19"]
[WhiteElo "1711"]
[BlackElo "1997"]
[PlyCount "37"]
[WhiteFideId "24620467"]
[BlackFideId "4695186"]
[EventCountry "GER"]
[EventRounds "9"]
[EventType "swiss"]
[EventDate "2005.05.15"]

1. e4 Nc6 2. d4 d5 3. e5 f6 4. f4 Bf5 5. c3 Be4 6. Nd2 f5 7. Nxe4 fxe4 8. f5 g6
9. fxg6 hxg6 10. Qg4 Kf7 11. Nh3 Bh6 12. Bxh6 Nxh6 13. Ng5+ Ke8 14. Qe6 Rg8 15.
Nh7 Rg7 16. Nf6+ Kf8 17. Nxd5 Qc8 18. Nf4 Ke8 19. Bc4 1-0

[Event "2. ODEM U25 2005"]
[Site "Willingen GER"]
[Date "2005.05.18"]
[Round "6"]
[White "Schneider, Christian"]
[Black "Tschlatscher, Thomas"]
[Result "1-0"]
[Termination "normal"]
[Board "20"]
[WhiteElo "1992"]
[BlackElo "1652"]
[PlyCount "71"]
[WhiteFideId "24613886"]
[BlackFideId "24635863"]
[EventCountry "GER"]
[EventRounds "9"]
[EventType "swiss"]
[EventDate "2005.05.15"]

1. Nc3 e5 2. Nf3 Nc6 3. d4 exd4 4. Nxd4 Nxd4 5. Qxd4 Qf6 6. Qc4 c6 7. e4 d6 8.
Be3 Bg4 9. Be2 Bxe2 10. Qxe2 Qe6 11. O-O Ne7 12. Rad1 a6 13. Qd3 Rd8 14. f4 f5
15. Rfe1 fxe4 16. Nxe4 Qd5 17. Bb6 Rd7 18. Qe3 Qe6 19. Nxd6+ Rxd6 20. Qxe6 Rxe6
21. Rxe6 Kf7 22. Ree1 Nd5 23. Bd4 Be7 24. c4 Nf6 25. Bxf6 Kxf6 26. Kf2 Bc5+ 27.
Kf3 Rf8 28. Rd7 g5 29. Re4 h5 30. h3 b5 31. g4 hxg4+ 32. Kxg4 bxc4 33. f5 Re8
34. Rxe8 Be7 35. Rexe7 c3 36. Re6# 1-0

[Event "2. ODEM U25 2005"]
[Site "Willingen GER"]
[Date "2005.05.18"]
[Round "6"]
[White "Vintan, Cristina-Mihaela"]
[Black "Jähn, Michael"]
[Result "0-1"]
[Termination "normal"]
[Board "21"]
[WhiteElo "1711"]
[BlackElo "1977"]
[PlyCount "116"]
[BlackFideId "24623466"]
[EventCountry "GER"]
[EventRounds "9"]
[EventType "swiss"]
[EventDate "2005.05.15"]

1. e4 c5 2. Nf3 e6 3. d4 cxd4 4. Nxd4 a6 5. Be3 Nf6 6. Bd3 Qc7 7. O-O d6 8. Nc3
Nbd7 9. f4 b5 10. a3 Bb7 11. Nb3 Be7 12. g4 Nc5 13. Nxc5 dxc5 14. g5 Nd7 15. f5
exf5 16. exf5 O-O-O 17. Be4 Nb6 18. Bxb7+ Qxb7 19. Qf3 Qxf3 20. Rxf3 Nc4 21.
Bc1 Rd4 22. Kf2 Rhd8 23. Rh3 Rg4 24. Rg3 Rxg3 25. hxg3 f6 26. Ne4 fxg5 27. Nxg5
Bxg5 28. Bxg5 Rd5 29. b3 Rxf5+ 30. Bf4 Ne5 31. Ke3 Nc6 32. c4 Nd4 33. Ke4 Rh5
34. Rb1 Kd7 35. Be5 Ne6 36. Rd1+ Ke7 37. Rd6 bxc4 38. bxc4 Ng5+ 39. Kf4 Nf7 40.
Rd5 Ke6 41. Bxg7 Rxd5 42. cxd5+ Kxd5 43. Ke3 Nd6 44. g4 Nc4+ 45. Kf4 Ke6 46.
Kg5 Kf7 47. Kh6 Ne3 48. Kxh7 Nxg4 49. Bc3 c4 50. Bb2 Ke6 51. Kg6 Nf2 52. Kg5
Kd5 53. Kf5 Ne4 54. Bc1 c3 55. a4 Nc5 56. Kg4 Nxa4 57. Kf3 Kc4 58. Ke2 Kb3 0-1

[Event "2. ODEM U25 2005"]
[Site "Willingen GER"]
[Date "2005.05.18"]
[Round "6"]
[White "Hinz, Arne"]
[Black "Frey, Claudia"]
[Result "1/2-1/2"]
[Termination "normal"]
[Board "22"]
[WhiteElo "1679"]
[BlackElo "1911"]
[PlyCount "58"]
[WhiteFideId "24634875"]
[BlackFideId "24614513"]
[EventCountry "GER"]
[EventRounds "9"]
[EventType "swiss"]
[EventDate "2005.05.15"]

1. e4 c6 2. d4 d5 3. e5 c5 4. c3 Nc6 5. Nf3 Bg4 6. Be2 e6 7. Nbd2 cxd4 8. cxd4
Nge7 9. h3 Bxf3 10. Nxf3 Nf5 11. Bd3 Nfxd4 12. Nxd4 Nxd4 13. Qa4+ Nc6 14. Bb5
Qb6 15. Be3 Bc5 16. Rc1 Bxe3 17. Bxc6+ Kd8 18. fxe3 Qxe3+ 19. Kd1 bxc6 20. Qxc6
Qd4+ 21. Ke2 Qxe5+ 22. Kd1 Rb8 23. Rf1 Qd4+ 24. Ke1 Qe5+ 25. Kd1 Qd4+ 26. Ke1
Qe3+ 27. Kd1 Qd3+ 28. Ke1 Qe4+ 29. Kd1 Qd4+ 1/2-1/2

[Event "2. ODEM U25 2005"]
[Site "Willingen GER"]
[Date "2005.05.18"]
[Round "6"]
[White "Koksch, Florian"]
[Black "Reps, Dirk"]
[Result "1/2-1/2"]
[Termination "normal"]
[Board "23"]
[WhiteElo "1899"]
[BlackElo "1665"]
[PlyCount "57"]
[WhiteFideId "24613584"]
[EventCountry "GER"]
[EventRounds "9"]
[EventType "swiss"]
[EventDate "2005.05.15"]

1. e4 c5 2. Nf3 d6 3. d4 cxd4 4. Nxd4 Nf6 5. Nc3 g6 6. Be3 Bg7 7. f3 O-O 8. Qd2
Nc6 9. Bc4 Bd7 10. O-O-O Qa5 11. Bb3 Rfc8 12. h4 Ne5 13. h5 Nxh5 14. g4 Nf6 15.
Bh6 Rxc3 16. bxc3 Bxh6 17. Rxh6 Rc8 18. Kb2 Qb6 19. Qh2 Qc5 20. Rxh7 Qxc3+ 21.
Kb1 Nxh7 22. Rh1 e6 23. Qxh7+ Kf8 24. Qh6+ Ke7 25. Qg5+ f6 26. Rh7+ Nf7 27.
Qxg6 Qe1+ 28. Kb2 Qc3+ 29. Kb1 1/2-1/2

[Event "2. ODEM U25 2005"]
[Site "Willingen GER"]
[Date "2005.05.18"]
[Round "6"]
[White "Klebanov, Andrej"]
[Black "Zabarska, Natalia"]
[Result "0-1"]
[Termination "normal"]
[Board "24"]
[WhiteElo "1587"]
[BlackElo "1891"]
[PlyCount "92"]
[WhiteFideId "24669989"]
[BlackFideId "24608009"]
[EventCountry "GER"]
[EventRounds "9"]
[EventType "swiss"]
[EventDate "2005.05.15"]

1. d4 f5 2. c4 Nf6 3. Nc3 e6 4. Nf3 d5 5. Bg5 c6 6. e3 Bd6 7. cxd5 exd5 8. Bd3
O-O 9. Qc2 Qe8 10. Bxf6 Rxf6 11. O-O-O Na6 12. a3 b5 13. Na2 c5 14. g4 b4 15.
dxc5 Bxc5 16. axb4 Nxb4 17. Qxc5 Rc6 18. Qxc6 Qxc6+ 19. Nc3 Nxd3+ 20. Rxd3 d4
21. Rxd4 Qxf3 22. Rd8+ Kf7 23. Rhd1 Be6 24. Rxa8 Qxa8 25. gxf5 Bxf5 26. Rd4
Qh1+ 27. Kd2 Qxh2 28. Ke2 Qh5+ 29. Kd2 Qg6 30. Ra4 Qb6 31. Kc1 a5 32. Rf4 Kg6
33. Rd4 Qa6 34. Kd2 Qf1 35. Nd1 h5 36. Rd6+ Kf7 37. Rd4 Qg2 38. Rf4 Ke6 39. Kc1
g5 40. Ra4 Qc6+ 41. Nc3 Qa6 42. Rd4 Qf1+ 43. Nd1 Qe2 44. Rd2 Qc4+ 45. Nc3 a4
46. Kd1 Qf1# 0-1

[Event "2. ODEM U25 2005"]
[Site "Willingen GER"]
[Date "2005.05.18"]
[Round "6"]
[White "Linsenmeyer, Mario"]
[Black "Reh, Rebecca"]
[Result "1/2-1/2"]
[Termination "normal"]
[Board "25"]
[WhiteElo "1850"]
[BlackElo "1650"]
[PlyCount "83"]
[WhiteFideId "24635138"]
[EventCountry "GER"]
[EventRounds "9"]
[EventType "swiss"]
[EventDate "2005.05.15"]

1. e4 c5 2. Nf3 Nc6 3. d4 cxd4 4. Nxd4 Nf6 5. Nc3 d6 6. Bc4 Qb6 7. Nb3 e6 8.
Be3 Qc7 9. Be2 a6 10. O-O Be7 11. f3 O-O 12. Qe1 b5 13. Qg3 Kh8 14. Kh1 b4 15.
Na4 Rb8 16. c3 a5 17. Rac1 Bd7 18. cxb4 Rxb4 19. Nac5 Qd8 20. Nxd7 Qxd7 21.
Rfd1 Rbb8 22. Rd2 Rfd8 23. Rdc2 Nb4 24. Rc7 Qe8 25. Nxa5 Nxa2 26. R1c2 Rdc8 27.
Rxc8 Rxc8 28. Rxc8 Qxc8 29. Bc4 Nb4 30. e5 dxe5 31. Qxe5 Nfd5 32. Bxd5 Nxd5 33.
Bg1 Bf6 34. Qe2 Qc1 35. Qc4 Qxc4 36. Nxc4 Kg8 37. Bc5 Be7 38. Bxe7 Nxe7 39. b4
Kf8 40. b5 Ke8 41. Nd6+ Kf8 42. Nc4 1/2-1/2

[Event "2. ODEM U25 2005"]
[Site "Willingen GER"]
[Date "2005.05.18"]
[Round "6"]
[White "Gahn, Cornelia"]
[Black "Dalakian, Haroutioun"]
[Result "1/2-1/2"]
[Termination "normal"]
[Board "26"]
[WhiteElo "1342"]
[BlackElo "1746"]
[PlyCount "58"]
[BlackFideId "24632058"]
[EventCountry "GER"]
[EventRounds "9"]
[EventType "swiss"]
[EventDate "2005.05.15"]

1. e4 g6 2. Nf3 Bg7 3. d4 d6 4. Be2 Nf6 5. Nc3 c6 6. h3 O-O 7. O-O b5 8. a3 a5
9. Be3 d5 10. exd5 Nxd5 11. Nxd5 Qxd5 12. c3 Bb7 13. Nd2 e5 14. Bf3 Qe6 15. Ne4
Nd7 16. dxe5 Nxe5 17. Nc5 Qe7 18. Be2 Rfd8 19. Qc2 Bc8 20. Rfd1 Bf5 21. Qb3 a4
22. Qb4 Bc2 23. Rdc1 Bf5 24. Rd1 Rxd1+ 25. Rxd1 Rd8 26. Rxd8+ Qxd8 27. Bd4 Qg5
28. Be3 Qd8 29. Bd4 Qd5 1/2-1/2

[Event "2. ODEM U25 2005"]
[Site "Willingen GER"]
[Date "2005.05.18"]
[Round "6"]
[White "Szczap, Arthur"]
[Black "Durmisi, Valon"]
[Result "1-0"]
[Termination "normal"]
[Board "27"]
[WhiteElo "1660"]
[BlackElo "1373"]
[PlyCount "43"]
[WhiteFideId "24637394"]
[EventCountry "GER"]
[EventRounds "9"]
[EventType "swiss"]
[EventDate "2005.05.15"]

1. e4 c6 2. d4 d5 3. Nc3 dxe4 4. Nxe4 Bf5 5. Ng3 Bg6 6. Bc4 Nf6 7. N1e2 Nbd7 8.
O-O e6 9. Bd3 Bxd3 10. Qxd3 Qc7 11. f4 Bd6 12. f5 O-O-O 13. fxe6 fxe6 14. Bf4
e5 15. Bg5 exd4 16. Nxd4 Bc5 17. c3 Ne5 18. Qf5+ Ned7 19. Ne4 Bb6 20. Bf4 Bxd4+
21. cxd4 Qb6 22. Nd6+ 1-0

[Event "2. ODEM U25 2005"]
[Site "Willingen GER"]
[Date "2005.05.18"]
[Round "6"]
[White "Lüders, Morten"]
[Black "Jorczik, Andreas"]
[Result "1-0"]
[Termination "normal"]
[Board "28"]
[WhiteElo "1728"]
[BlackElo "1329"]
[PlyCount "58"]
[BlackFideId "24634921"]
[EventCountry "GER"]
[EventRounds "9"]
[EventType "swiss"]
[EventDate "2005.05.15"]

1. e4 c5 2. Nf3 e6 3. d4 cxd4 4. Nxd4 Nf6 5. Nc3 Bb4 6. Bd3 Qb6 7. Be3 d5 8. e5
Nfd7 9. O-O Qc7 10. Ndb5 Qa5 11. f4 Nc6 12. Ne2 a6 13. Nbd4 Qb6 14. c3 Be7 15.
b4 f6 16. Nf5 Qc7 17. Nxg7+ Kf7 18. Nh5 f5 19. Nd4 Nxd4 20. Bxd4 b5 21. Ng3 Nf8
22. Nxf5 exf5 23. e6+ Bxe6 24. Bxh8 Ng6 25. Be5 Qa7+ 26. Bd4 Qc7 27. Qh5 Kg8
28. Bxf5 Bf7 29. Bxg6 Bxg6 1-0

[Event "2. ODEM U25 2005"]
[Site "Willingen GER"]
[Date "2005.05.18"]
[Round "6"]
[White "Mazarov, Jürgen"]
[Black "Kamrla, Robin"]
[Result "1-0"]
[Termination "normal"]
[Board "29"]
[WhiteElo "1958"]
[BlackElo "1465"]
[PlyCount "61"]
[WhiteFideId "24617768"]
[EventCountry "GER"]
[EventRounds "9"]
[EventType "swiss"]
[EventDate "2005.05.15"]

1. e4 c5 2. Nf3 Nc6 3. Bb5 d6 4. d4 cxd4 5. Qxd4 Bd7 6. Bxc6 bxc6 7. O-O e5 8.
Qd3 Be7 9. c4 Be6 10. Nc3 Nf6 11. Bg5 O-O 12. Rad1 Kh8 13. b3 Qc7 14. Bxf6 gxf6
15. Nh4 Rad8 16. Nf5 Rg8 17. Nxe7 Qxe7 18. f4 Bg4 19. Rde1 Bc8 20. f5 Bb7 21.
Re3 Ba6 22. Rd1 d5 23. exd5 cxd5 24. Nxd5 Qc5 25. Qe4 Bb7 26. Kh1 Rg5 27. Red3
Kg7 28. h4 Rh5 29. Qg4+ Kh6 30. Nxf6 Rxd3 31. Ng8# 1-0

[Event "2. ODEM U25 2005"]
[Site "Willingen GER"]
[Date "2005.05.18"]
[Round "6"]
[White "Rezai, Yuanne"]
[Black "Schäfer, Simon"]
[Result "1-0"]
[Termination "normal"]
[Board "30"]
[WhiteElo "1779"]
[BlackElo "1395"]
[PlyCount "73"]
[EventCountry "GER"]
[EventRounds "9"]
[EventType "swiss"]
[EventDate "2005.05.15"]

1. e4 c5 2. d4 cxd4 3. c3 dxc3 4. Nxc3 Nc6 5. Bc4 d6 6. Nge2 g6 7. Be3 Bg7 8.
O-O Nf6 9. f3 O-O 10. Rc1 Bd7 11. Qd2 a6 12. Nf4 b5 13. Bd5 Rc8 14. Qf2 Nxd5
15. Ncxd5 Be6 16. Nb6 Rb8 17. Nbd5 Bxd5 18. Nxd5 Rc8 19. Rc2 Ne5 20. Rxc8 Qxc8
21. Nxe7+ Kh8 22. Nxc8 Rxc8 23. Rc1 Rd8 24. Qh4 Re8 25. Rd1 Nc4 26. Bd4 Bxd4+
27. Rxd4 Kg7 28. b3 Ne5 29. Rxd6 a5 30. Qf6+ Kg8 31. Rd8 Rxd8 32. Qxd8+ Kg7 33.
Qxa5 h5 34. Qxb5 f6 35. a4 Kf7 36. a5 Ke7 37. a6 1-0

[Event "2. ODEM U25 2005"]
[Site "Willingen GER"]
[Date "2005.05.18"]
[Round "6"]
[White "Hirning, Oliver"]
[Black "Winter, Jonathan"]
[Result "1/2-1/2"]
[Termination "normal"]
[Board "31"]
[WhiteElo "1511"]
[BlackElo "1746"]
[PlyCount "88"]
[EventCountry "GER"]
[EventRounds "9"]
[EventType "swiss"]
[EventDate "2005.05.15"]

1. e4 d6 2. d4 Nf6 3. Nc3 g6 4. Bd3 Bg7 5. Be3 O-O 6. Qd2 c6 7. f4 Ng4 8. Nf3
Nd7 9. h3 Nxe3 10. Qxe3 Qb6 11. O-O-O e5 12. fxe5 dxe5 13. Bc4 exd4 14. Nxd4
Qc7 15. Rhf1 b5 16. Be2 a5 17. h4 Nf6 18. Bf3 Ng4 19. Bxg4 Bxg4 20. Rde1 h5 21.
Nb3 Kh7 22. Kb1 a4 23. Nc1 a3 24. Qc5 axb2 25. Nd3 Qa5 26. Nb4 Bxc3 27. Qxc3
Be6 28. Qxb2 Qb6 29. a3 Ra4 30. Rf3 Rd8 31. Ref1 Kg8 32. Rc3 c5 33. Nd3 Bc4 34.
Rf3 Qd6 35. e5 Qe7 36. g3 Qb7 37. Re3 Qd5 38. Re1 Qd4 39. Nf4 Qf2 40. Qc1 Rda8
41. Qe3 Qxe3 42. Rexe3 Kf8 43. Kb2 b4 44. axb4 Ra2+ 1/2-1/2

[Event "2. ODEM U25 2005"]
[Site "Willingen GER"]
[Date "2005.05.18"]
[Round "6"]
[White "Völz, Michael"]
[Black "Dorn, Matthias"]
[Result "0-1"]
[Termination "normal"]
[Board "32"]
[WhiteElo "1460"]
[BlackElo "1728"]
[PlyCount "60"]
[WhiteFideId "24640107"]
[BlackFideId "24600695"]
[EventCountry "GER"]
[EventRounds "9"]
[EventType "swiss"]
[EventDate "2005.05.15"]

1. e4 c5 2. Nc3 Nc6 3. f4 g6 4. Nf3 Bg7 5. g3 e6 6. Bg2 Nge7 7. O-O O-O 8. d3
d5 9. e5 f6 10. exf6 Bxf6 11. Ne2 b6 12. d4 Nf5 13. c3 Ba6 14. dxc5 bxc5 15. g4
Nd6 16. Re1 Qb6 17. Ng3 Rfe8 18. h4 Rad8 19. h5 Ne4 20. Nf1 gxh5 21. g5 Bg7 22.
Nh4 Ne7 23. Qxh5 Nf5 24. g6 hxg6 25. Nxg6 Bxf1 26. Bxf1 c4+ 27. Be3 Nxe3 28.
Kh2 Nf5 29. Bg2 Qf2 30. Ne5 Qxf4+ 0-1

[Event "2. ODEM U25 2005"]
[Site "Willingen GER"]
[Date "2005.05.18"]
[Round "6"]
[White "Beck, Patrick"]
[Black "Frey, Steffen"]
[Result "1-0"]
[Termination "normal"]
[Board "33"]
[WhiteElo "1719"]
[BlackElo "1248"]
[PlyCount "103"]
[WhiteFideId "24660418"]
[EventCountry "GER"]
[EventRounds "9"]
[EventType "swiss"]
[EventDate "2005.05.15"]

1. d4 d5 2. c4 e6 3. Nc3 Nf6 4. cxd5 exd5 5. Bg5 Nbd7 6. e3 c6 7. Bd3 Be7 8.
Nge2 O-O 9. Qc2 Re8 10. O-O h6 11. Bh4 Qc7 12. Bg3 Bd6 13. Nb5 cxb5 14. Qxc7
Bxc7 15. Bxc7 a6 16. Rac1 b6 17. Rc2 Bb7 18. Rfc1 Rac8 19. Bf5 a5 20. Nf4 g6
21. Bd3 Ba6 22. a4 Bb7 23. Bxb5 Kg7 24. Nd3 Rf8 25. Ne5 Nxe5 26. dxe5 Ne4 27.
Bxb6 Rxc2 28. Rxc2 Ra8 29. f3 Ng5 30. Rc7 Ba6 31. Ra7 Rxa7 32. Bxa7 Bb7 33. Bb6
Ne6 34. Bxa5 Nc5 35. Bc3 Kg8 36. a5 Na6 37. b4 Kf8 38. Be2 Nc7 39. b5 Ke8 40.
a6 Bc8 41. Ba5 Kd7 42. Bxc7 Kxc7 43. Kf2 Kd7 44. b6 Kc6 45. b7 Bxb7 46. axb7
Kxb7 47. Bb5 Kc7 48. Be8 Kd8 49. Bxf7 g5 50. Bxd5 Ke7 51. f4 gxf4 52. exf4 1-0

[Event "2. ODEM U25 2005"]
[Site "Willingen GER"]
[Date "2005.05.18"]
[Round "6"]
[White "Lange, Vanessa"]
[Black "Lobe, Sandra"]
[Result "1/2-1/2"]
[Termination "normal"]
[Board "34"]
[WhiteElo "1295"]
[BlackElo "1626"]
[PlyCount "29"]
[EventCountry "GER"]
[EventRounds "9"]
[EventType "swiss"]
[EventDate "2005.05.15"]

1. f4 g6 2. Nf3 Bg7 3. e3 Nf6 4. d4 d6 5. b3 a6 6. Bb2 b5 7. c4 c6 8. Be2 Bb7
9. O-O O-O 10. Qe1 Qd7 11. Nbd2 d5 12. Ne5 Qc7 13. c5 Nfd7 14. Ndf3 Nxe5 15.
fxe5 1/2-1/2

[Event "2. ODEM U25 2005"]
[Site "Willingen GER"]
[Date "2005.05.18"]
[Round "6"]
[White "Tsoumanis, Konstantinos"]
[Black "Kling, Felix"]
[Result "1/2-1/2"]
[Termination "normal"]
[Board "35"]
[WhiteElo "1204"]
[BlackElo "1513"]
[PlyCount "35"]
[EventCountry "GER"]
[EventRounds "9"]
[EventType "swiss"]
[EventDate "2005.05.15"]

1. e4 d6 2. d4 Nf6 3. Nc3 c6 4. f4 d5 5. e5 Ng8 6. Bd3 g6 7. Nf3 h5 8. Qe2 Nh6
9. Bd2 Bf5 10. h3 e6 11. O-O-O Nd7 12. Rdg1 Bxd3 13. Qxd3 Nf5 14. g4 hxg4 15.
hxg4 Rxh1 16. Rxh1 Ng7 17. Ng5 Qc7 18. Rh8 1/2-1/2

[Event "2. ODEM U25 2005"]
[Site "Willingen GER"]
[Date "2005.05.18"]
[Round "6"]
[White "Katte, Nicolas"]
[Black "Frey, Nicole"]
[Result "1-0"]
[Termination "normal"]
[Board "36"]
[WhiteElo "1946"]
[BlackElo "1694"]
[PlyCount "57"]
[WhiteFideId "24614149"]
[BlackFideId "4690176"]
[EventCountry "GER"]
[EventRounds "9"]
[EventType "swiss"]
[EventDate "2005.05.15"]

1. d4 d5 2. Nf3 e6 3. c3 Bd6 4. e3 f5 5. Ne5 Nf6 6. f4 Nbd7 7. Nd2 O-O 8. Bd3
c5 9. O-O Qc7 10. Ndf3 Ne4 11. Qe1 Ndf6 12. Qh4 Bd7 13. h3 b5 14. g4 g6 15. Kh2
b4 16. Rg1 Be8 17. gxf5 exf5 18. Ng5 Qc8 19. Bxe4 dxe4 20. dxc5 Bxc5 21. Nxh7
Nxh7 22. Nxg6 Bxg6 23. Rxg6+ Kh8 24. Qh6 Qd7 25. cxb4 Bxb4 26. a3 Bd2 27. Rd6
Qb5 28. Rxd2 Qf1 29. b4 1-0

[Event "2. ODEM U25 2005"]
[Site "Willingen GER"]
[Date "2005.05.18"]
[Round "6"]
[White "Hoffmann, Lena"]
[Black "Teltewskoi, Alexander"]
[Result "1-0"]
[Termination "normal"]
[Board "37"]
[WhiteElo "1558"]
[BlackElo "1312"]
[PlyCount "51"]
[WhiteFideId "24626597"]
[EventCountry "GER"]
[EventRounds "9"]
[EventType "swiss"]
[EventDate "2005.05.15"]

1. Nc3 d5 2. e4 d4 3. Nce2 e5 4. Ng3 g6 5. Bc4 Bg7 6. d3 Nf6 7. h3 O-O 8. N1e2
Qd6 9. O-O Be6 10. Bxe6 Qxe6 11. f4 Nbd7 12. fxe5 Qxe5 13. Bf4 Qc5 14. Kh1 Qb6
15. Rb1 c5 16. Qd2 Qd6 17. c4 h5 18. Ng1 Kh7 19. Nf3 Kg8 20. Bh6 Nh7 21. Bxg7
Kxg7 22. Ng5 Nxg5 23. Qxg5 Qe5 24. Nxh5+ Kh7 25. Nf6+ Nxf6 26. Qxe5 1-0

[Event "2. ODEM U25 2005"]
[Site "Willingen GER"]
[Date "2005.05.18"]
[Round "6"]
[White "Reiske, Anne"]
[Black "Strohmann, Marc"]
[Result "1-0"]
[Termination "normal"]
[Board "38"]
[WhiteElo "1719"]
[BlackElo "1267"]
[PlyCount "103"]
[WhiteFideId "24635472"]
[EventCountry "GER"]
[EventRounds "9"]
[EventType "swiss"]
[EventDate "2005.05.15"]

1. e4 c6 2. d4 d5 3. e5 Bf5 4. Bd3 Bxd3 5. Qxd3 e6 6. Nf3 Nd7 7. Nc3 c5 8. Be3
cxd4 9. Bxd4 Ne7 10. O-O Nc6 11. Ne2 Qc7 12. c3 Ndxe5 13. Nxe5 Nxe5 14. Qg3 f6
15. Nf4 Qd7 16. Rfe1 g5 17. Nh5 Bg7 18. Nxg7+ Qxg7 19. f4 Nd7 20. Rxe6+ Kf7 21.
Rae1 Rhe8 22. Rxe8 Rxe8 23. Rxe8 Kxe8 24. fxg5 Qxg5 25. Qe1+ Kf7 26. h3 b6 27.
b4 Ne5 28. Qf1 Nc6 29. Bf2 Qd2 30. b5 Ne7 31. Bd4 Ng8 32. a3 Qb2 33. Qf5 Qxa3
34. Qxd5+ Kg7 35. Qd7+ Qe7 36. Qg4+ Kh8 37. Qf4 h6 38. Qh4 Kg7 39. Qf4 Kf7 40.
Qf5 Qe6 41. Qh7+ Ke8 42. Qxa7 h5 43. Qc7 Ne7 44. Bxb6 Nd5 45. Qd8+ Kf7 46. Bd4
Kg6 47. b6 Nxb6 48. Qxb6 Qe7 49. Kf2 Kf7 50. Qxf6+ Qxf6+ 51. Bxf6 Kxf6 52. Kg3
1-0